|
|
|
|
| LEADER |
01202nam a22003374a 4500 |
| 001 |
EBC243036 |
| 003 |
MiAaPQ |
| 005 |
20200520144314.0 |
| 006 |
m o d | |
| 007 |
cr cn||||||||| |
| 008 |
010207s2001 nyua sb 001 0 eng |
| 010 |
|
|
|z 2001022196
|
| 020 |
|
|
|z 0814470734 (pbk.)
|
| 035 |
|
|
|a (MiAaPQ)EBC243036
|
| 035 |
|
|
|a (Au-PeEL)EBL243036
|
| 035 |
|
|
|a (CaPaEBR)ebr10005781
|
| 035 |
|
|
|a (OCoLC)437158217
|
| 040 |
|
|
|a MiAaPQ
|c MiAaPQ
|d MiAaPQ
|
| 050 |
|
4 |
|a HD69.C6
|b C57 2001
|
| 082 |
0 |
4 |
|a 001/.023/73
|2 21
|
| 100 |
1 |
|
|a Cohen, William A.,
|d 1937-
|
| 245 |
1 |
0 |
|a How to make it big as a consultant
|h [electronic resource] /
|c William A. Cohen.
|
| 250 |
|
|
|a 3rd ed.
|
| 260 |
|
|
|a New York :
|b AMACOM,
|c c2001.
|
| 300 |
|
|
|a xviii, 348 p. :
|b ill.
|
| 504 |
|
|
|a Includes bibliographical references (p. 267-273) and index.
|
| 533 |
|
|
|a Electronic reproduction. Ann Arbor, MI : ProQuest, 2015. Available via World Wide Web. Access may be limited to ProQuest affiliated libraries.
|
| 650 |
|
0 |
|a Business consultants.
|
| 655 |
|
4 |
|a Electronic books.
|
| 710 |
2 |
|
|a ProQuest (Firm)
|
| 856 |
4 |
0 |
|u https://ebookcentral.proquest.com/lib/matrademy/detail.action?docID=243036
|z Click to View
|